Anagrammes - Prénoms masculins - Série 11 - Statistiques

Statistiques générales
  • Ce quiz a été pris 176 fois
  • Le résultat moyen est 7 sur 10
Statistiques - réponses
Anagramme Prénom % Correct
CHIPHOSTER Christophe
98%
DAMA Adam
96%
VAIN Ivan
87%
BRIOS Boris
80%
BALISE Blaise
76%
BALISE Basile
74%
ANDRELE Leandre
61%
CLORAS Carlos
59%
DESTOME Modeste
52%
REVEILS Silvere
40%
Aucun quiz correspondant
Distribution des résultats
% des personnes avec chaque résultat
Percentile par nombre de réponses
Votre historique - résultats
Vous n’avez pas pris ce quiz